Yashodev Vyas
Minnesota C
Categories
Fine Arts - Other Fine Arts | 0 | 1 | 0 | 0 | 10 | 110 | 110.00 | 0 | 1 |
Fine Arts - Painting & Sculpture | 0 | 1 | 0 | 0 | 10 | 67 | 67.00 | 1 | 1 |
Science - Biology | 0 | 1 | 0 | 0 | 10 | 85 | 85.00 | 1 | 1 |
Science - Chemistry | 0 | 1 | 0 | 0 | 10 | 119 | 119.00 | 0 | 1 |
Mythology | 0 | 1 | 0 | 0 | 10 | 53 | 53.00 | 1 | 1 |
Science - Physics | 0 | 0 | 1 | 0 | -5 | 0.00 | 0 | 0 | |
History - Other History | 0 | 0 | 1 | 0 | -5 | 0.00 | 0 | 0 | |
Literature - World Literature | 0 | 0 | 1 | 0 | -5 | 0.00 | 0 | 0 | |
Religion | 0 | 0 | 1 | 0 | -5 | 0.00 | 0 | 0 | |
Science - Other Science | 0 | 0 | 2 | 0 | -10 | 0.00 | 0 | 0 | |
Other | 0 | 0 | 2 | 0 | -10 | 0.00 | 0 | 0 |